000 01472 a2200289 4500
001 6271
005 20260407155436.0
008 260407a2006 arg spa d
003 AR-UNSa-BCEJYS
040 _aAR-UNSa-BCEJYS
_bspa
_cAR-UNSa-BCEJYS
080 _a338.45
_xIndustria como sector económico. Producción comercial, industrial
245 1 0 _aProgresos en organización industrial
020 _a950-9445-28-2
264 1 _aBuenos Aires :
_bAsociación Argentina de Economía Política
_c2006
300 _axv, 180 p.
_c22 cm.
505 _a1. Introducción / Germán Coloma - 2. Teoría del monopolio desregulado: discriminación de precios y de calidad / Andrés Chamboleyron - 3. Modelos dinámicos de interacción estratégica en oligopolio: formación de precios y colusión / Carlos S. Valquez - 4. Fusiones horizontales / Walter Cont y Fernando Navajas - 5. Defensa de la competencia en mercados energéticos: el enfoque integral de la autoridad argentina de defensa de la competencia / Diego Pelrecolla y Marina Bidart
942 _cBK
590 _aniveau_biblio:m niveau_hierar:0
100 1 _aColoma, Germán
700 1 _aChambouleyron, Andrés
700 1 _aValquez, Carlos S.
700 1 _aCont, Walter
700 1 _aNavajas, Fernando
700 1 _aPetrecolla, Diego
700 1 _aBidart, Marina
856 4 1 _uhttps://biblioeco.unsa.edu.ar/pmb/images/libros/Progresos en organizacion industrial-l116225.jpg
_yImagen de portada
_qimage/jpeg
999 _c444
_d444